| 000 | 00598nam a22001937a 4500 | ||
|---|---|---|---|
| 003 | NUST | ||
| 005 | 20230522115519.0 | ||
| 008 | 190805b ||||| |||| 00| 0 eng d | ||
| 038 | _aMr. Noman | ||
| 082 | _a658 | ||
| 100 |
_aAbbas, Ayesha _919045 |
||
| 245 |
_aImportance of Cultural and Human Due Diligence in Cross Border Mergers and Acquisitions - An International case study _cAyesha Abbas. |
||
| 260 |
_aIslamabad: _bNBS - NUST, _c2013. |
||
| 300 |
_avi, 53 p.: ill.; _c30cm. |
||
| 500 | _aHardcover. | ||
| 650 |
_aMBA Thesis. _917629 |
||
| 700 |
_aUmar Ahmed. _918248 |
||
| 942 |
_2ddc _cTHE |
||
| 999 |
_c527676 _d527676 |
||